00239nam a22000977a 4500040000900000082001500009100001700024245002800041260004400069650002800113 cNust a297.7bMAS aMasood Mufti aIsamic Names Dictionary aLahore:bIlm-o-Irfan Publishers,c2002. aIsamic Names Dictionary